00786nam a2200217 i 4500001000300000100002300003245013900026260004600165300002100211650005100232020001500283040000800298041000700306080001100313920001800324942000700342008004100349999001700390856009800407952006300505bg1 aPAWŁUCKI, Andrzej10aRozważania o wychowaniu :bwykłady z teorii wychowania fizycznego /cAndrzej Pawłucki ; Akademia Wychowania Fizyczego w Gdańsku. aGdańsk :bWydaw. Uczelniane AWF,c1994. a170 s. ;c24 cm. 9aWychowanie fizyczne i kultura fizycznaxteoria a8385968601 cBPK0 apl a796.01 a83-85968-60-1 cKS s pl f |000 0 pol  c24552d24552 uhttp://koha.tu.koszalin.pl/cgi-bin/koha/opac-detail.pl?biblionumber=24552yKatalog online BPK 00104070aBPKbBPKcwoP 50577p01110968s2016-02-13yKS